[Event "Défi"]
[Site "www.echecsemail.com"]
[Date "2026.01.19"]
[Round "1"]
[White "Lbd26"]
[Black "Jenperlatete"]
[WhiteElo "1910"]
[BlackElo "1890"]
[Result "0-1"]
1.d4 d5
2.Bc1f4 Nb8c6
3.Ng1f3 Ng8f6
4.h3 Bc8f5
5.e3 e6
6.c4 Bf8b4
7.Nb1c3 Nf6e4
8.Qd1c1 Ne4xc3
9.bxc3 Bb4d6
10.Bf4xd6 Qd8xd6
11.c5 Qd6e7
12.Bf1b5 O-O
13.O-O Bf5e4
14.Nf3d2 Be4f5
15.f3 a6
16.Bb5e2 Qe7g5
17.g4 Qg5xe3
18.Rf1f2 Bf5g6
19.Qc1b2 Nc6a5
20.Nd2f1 Qe3f4
21.Qb2b4 Na5c4
22.Qb4xb7 Rf8b8
23.Qb7c6 Nc4e3
24.Nf1xe3 Qf4xe3
25.Kg2 Qe3xc3
26.Rf2f1 Qc3d2
27.Rf1e1 Qd2xd4
28.a4 f6
29.a5 Bg6f7
30.Ra1b1 Rb8c8
31.Kf1 Qd4e5
32.Be2xa6 Bf7e8
33.Qc6xe6 Qe5xe6
34.Re1xe6 Rc8d8
35.Ba6b5 Be8f7
36.Re6a6 Ra8b8
37.c6 d4
38.Bb5d3 Rb8xb1
39.Kf2 Rb1b2
40.Kg3 Rb2d2
41.Bd3f5 Rd2d1
42.Ra6a7 g6
43.Bf5d7 d3
44.Kf2 Rd1b1
45.Ra7b7 Rd8b8
46.a6 Rb1b2
47.Ke3 d2
48.a7 Rb8a8
49.Ke2 Bf7c4
50.Ke3 d1Q
{ abandon }0-1

[Event "Défi"]
[Site "www.echecsemail.com"]
[Date "2026.01.19"]
[Round "1"]
[White "Aigle12"]
[Black "Cocola34"]
[WhiteElo "1490"]
[BlackElo "1650"]
[Result "0-1"]
1.e3 d5
2.d3 h5
3.Nb1c3 e6
4.Ng1f3 f6
5.g3 c6
6.Bf1g2 e5
7.b3 b5
8.Bc1b2 Bf8b4
9.O-O Bc8g4
10.h3 Bg4e6
11.a3 Bb4c5
12.Rf1e1 Qd8d7
13.Qd1e2 Be6xh3
14.a4 g5
15.Kh1 Ng8e7
16.Kh2 g4
17.Nf3g1 Bc5d6
18.axb5 cxb5
19.Bg2xh3 gxh3
20.Ng1xh3 a6
21.Nh3g1 Nb8c6
22.Ng1f3 O-O-O
23.Kg2 Nc6b8
24.Re1h1 Rd8g8
25.Rh1h4 Qd7e6
26.e4 d4
27.Nc3d1 Ne7g6
28.Rh4h1 Ng6f4
29.Kf1 Nf4xe2
30.Kxe2 f5
31.Bb2c1 fxe4
32.dxe4 Qe6g4
33.Rh1h4 Qg4g6
34.Nd1b2 Kb7
35.Nb2d3 Nb8c6
36.Bc1b2 Bd6e7
37.Rh4h1 Qg6g4
38.Bb2c1 Rg8f8
39.Bc1d2 Qg4xf3
40.Ke1 Qf3xh1
41.Ke2 Qh1xa1
{ abandon }0-1

[Event "Amical( 10J+24H/c 10J Max )"]
[Site "www.echecsemail.com"]
[Date "2026.01.19"]
[Round "1"]
[White "Woluwe1975"]
[Black "Patau"]
[WhiteElo "1660"]
[BlackElo "1710"]
[Result "1-0"]
1.e4 e5
2.Ng1f3 c6
3.d4 Ng8f6
4.dxe5 Nf6xe4
5.Bf1c4 d5
6.exd6 Qd8xd6
7.Qd1xd6 Ne4xd6
8.Bc4b3 Bc8e6
9.Nb1d2 Nb8d7
10.c4 Bf8e7
11.O-O O-O
12.Rf1e1 Rf8e8
13.Nd2f1 Ra8d8
14.a4 Nd7f6
15.Bc1f4 Rd8d7
16.Ra1d1 Nd6f5
17.Rd1xd7 Nf6xd7
18.Nf3e5 Nd7xe5
19.Bf4xe5 Re8d8
20.Re1d1 Rd8xd1
21.Bb3xd1 Be6xc4
22.Nf1e3 Nf5xe3
23.fxe3 Be7c5
24.Kf2 f6
25.Be5g3 Kf7
26.b3 Bc4d3
27.h3 Bd3e4
28.Bg3h2 Ke6
29.g3 f5
30.h4 b5
31.axb5 cxb5
32.g4 Bc5d6
33.Bh2g1 fxg4
34.Bd1xg4 Kd5
35.Ke2 Kc5
36.Bg4e6 Be4d5
37.e4 { abandon }1-0

[Event "Eq:Les Rois du Succes-Vikings :"]
[Site "www.echecsemail.com"]
[Date "2026.01.19"]
[Round "1"]
[White "Youliyouli"]
[Black "Lecavaliernoir"]
[WhiteElo "1870"]
[BlackElo "1570"]
[Result "1-0"]
1.e4 e5
2.Ng1f3 d6
3.Bf1c4 Bc8g4
4.c3 Bf8e7
5.d4 Nb8d7
6.Qd1b3 Bg4e6
7.Bc4xe6 fxe6
8.Qb3xe6 Ng8f6
9.Nf3g5 Rh8f8
10.Ng5xh7 Nf6xh7
11.Qe6g6 Rf8f7
12.Qg6xh7 Nd7f6
13.Qh7h8 Be7f8
14.Bc1g5 Qd8e7
15.Qh8h3 c5
16.d5 Qe7c7
17.Nb1d2 Bf8e7
18.Bg5xf6 Be7xf6
19.Nd2c4 a6
20.Qh3e6 Bf6e7
21.O-O b5
22.Nc4e3 a5
23.b3 b4
24.c4 Rf7f6
25.Qe6g4 Be7f8
26.f4 a4
27.fxe5 dxe5
28.Rf1xf6 gxf6
29.Ra1d1 axb3
30.axb3 Qc7h7
31.Qg4e6 Bf8e7
32.Qe6c6 Kf7
33.d6 Ra8d8
34.dxe7 Rd8xd1
35.Ne3xd1 Kxe7
36.Qc6c7 { abandon }1-0

[Event "Amical( 10J+24H/c 10J Max )"]
[Site "www.echecsemail.com"]
[Date "2026.01.19"]
[Round "1"]
[White "Woluwe1975"]
[Black "Patau"]
[WhiteElo "1640"]
[BlackElo "1710"]
[Result "1/2-1/2"]
1.e4 e5
2.Ng1f3 c6
3.d4 Ng8f6
4.dxe5 Nf6xe4
5.Bf1c4 d5
6.exd6 Ne4xd6
7.Bc4b3 Bf8e7
8.h3 O-O
9.O-O Bc8e6
10.c4 Nd6xc4
11.Qd1c2 b5
12.Rf1d1 Qd8c7
13.Bb3xc4 Be6xc4
14.Bc1g5 Nb8a6
15.a3 Ra8d8
16.Nb1c3 Na6c5
17.Qc2f5 Rd8xd1
18.Ra1xd1 Be7xg5
19.Qf5xg5 Nc5e6
20.Qg5e3 Rf8d8
21.Rd1xd8 Qc7xd8
22.Qe3xa7 f6
23.g3 Qd8d3
24.Kg2 Ne6g5
25.Qa7b8 Kf7
26.Nf3xg5 fxg5
27.Qb8c7 Kf8
28.Qc7c8 Ke7
29.Qc8c7 Qd3d7
30.Qc7e5 Qd7e6
31.Qe5xg7 Qe6f7
32.Qg7e5 Kd7
33.Qe5d4 Ke6
34.Qd4e4 Kd6
35.Qe4d4 Bc4d5
36.Nc3e4 Kc7
37.Qd4a7 Kd8
38.Qa7xf7 Bd5xf7
39.Ne4d6 Ke7
40.Nd6c8 Kd8
41.Nc8b6 Bf7d5
42.f3 Kc7
43.Nb6xd5 cxd5
44.Kf2 Kc6
45.b4 d4
46.f4 gxf4
47.gxf4 Kd5
48.Kf3 h5
49.h4 Kc4
50.Ke2 d3
51.Kd2 Kd4
52.f5 Ke5
53.f6 Kxf6
54.Kxd3 Kf5
55.Ke3 Kg4
56.Kf2 Kxh4
57.Kg2 { nul }1/2-1/2

[Event "Défi"]
[Site "www.echecsemail.com"]
[Date "2026.01.19"]
[Round "1"]
[White "Xercott"]
[Black "Wenoketo"]
[WhiteElo "1810"]
[BlackElo "1670"]
[Result "0-1"]
1.e4 c6
2.d4 e6
3.Ng1f3 d5
4.Nb1c3 dxe4
5.Nc3xe4 Nb8d7
6.Bc1d2 Ng8f6
7.Bf1d3 Nf6xe4
8.O-O Ne4xd2
9.Qd1xd2 Bf8e7
10.Rf1e1 O-O
11.Nf3e5 Nd7xe5
12.dxe5 Qd8c7
13.Qd2e3 b6
14.Qe3h3 g6
15.Qh3h6 Rf8d8
16.Re1e3 Be7f8
17.Re3h3 Bf8xh6
18.Rh3xh6 Qc7xe5
{ abandon }0-1

[Event "Coupe Niveau 2"]
[Site "www.echecsemail.com"]
[Date "2026.01.19"]
[Round "1"]
[White "Woluwe1975"]
[Black "Patau"]
[WhiteElo "1630"]
[BlackElo "1710"]
[Result "1/2-1/2"]
1.e4 e5
2.Ng1f3 Nb8c6
3.Nb1c3 Ng8f6
4.d4 exd4
5.Nc3d5 Bf8c5
6.Bf1d3 O-O
7.O-O d6
8.h3 Bc8e6
9.Nd5xf6 Qd8xf6
10.Bc1g5 Qf6g6
11.e5 Nc6xe5
12.Bd3xg6 Ne5xf3
13.Qd1xf3 fxg6
14.b3 Rf8xf3
15.gxf3 Be6xh3
16.Rf1e1 Ra8f8
17.Re1e7 Rf8xf3
18.Re7xc7 d3
19.Bg5e3 Bc5xe3
20.fxe3 dxc2
21.Rc7xc2 Rf3xe3
22.Kh2 Bh3f5
23.Rc2c7 Bf5e4
24.Rc7c8 Kf7
25.Ra1f1 Be4f5
26.Rc8c7 Kf6
27.Rc7xb7 Re3e2
28.Kg3 Re2xa2
29.b4 a5
30.bxa5 Ra2xa5
31.Rb7d7 Ra5a3
32.Kg2 Ra3a2
33.Kg3 Ra2a3
34.Kg2 { nul }1/2-1/2

[Event "Défi( 10J+24H/c 10J Max )"]
[Site "www.echecsemail.com"]
[Date "2026.01.19"]
[Round "1"]
[White "Poison"]
[Black "Minon"]
[WhiteElo "1100"]
[BlackElo "1940"]
[Result "0-1"]
1.Ng1f3 d5
2.d4 c6
3.e3 Bc8g4
4.Bf1e2 e6
5.Bc1d2 Bf8d6
6.Bd2c3 Ng8f6
7.O-O Nf6e4
8.Nb1d2 Ne4xc3
9.bxc3 Qd8c7
10.Nd2b3 Nb8d7
11.Qd1d3 Bg4f5
12.Qd3d2 Bf5e4
13.Nf3h4 Bd6xh2
14.Kh1 Bh2d6
15.Be2g4 f5
16.Bg4h5 g6
17.Bh5e2 Bd6e7
18.Kg1 Be7xh4
19.f3 Be4xc2
20.Qd2xc2 Bh4g3
21.Nb3c5 Bg3h2
22.Kf2 Qc7g3
0-1

[Event "Tournoi échelle élite"]
[Site "www.echecsemail.com"]
[Date "2026.01.19"]
[Round "1"]
[White "Volatile"]
[Black "Alain64"]
[WhiteElo "2530"]
[BlackElo "2060"]
[Result "1-0"]
1.e4 e6
2.Ng1f3 d5
3.exd5 exd5
4.d4 Bf8d6
5.c4 dxc4
6.Bf1xc4 Ng8f6
7.Qd1e2 Qd8e7
8.Qe2xe7 Bd6xe7
9.Nb1c3 O-O
10.O-O a6
11.Rf1e1 Be7d6
12.Bc1g5 Nb8d7
13.Nf3e5 h6
14.Ne5xd7 Nf6xd7
15.Bg5e7 Bd6xe7
16.Re1xe7 c5
17.dxc5 Nd7xc5
18.b4 Nc5d7
19.Nc3e4 b5
20.Bc4b3 Nd7f6
21.Re7xf7 Rf8xf7
22.Ne4d6 Bc8d7
23.Nd6xf7 Kh7
24.f3 Bd7e8
25.Ra1e1 Be8d7
26.Re1e7 Ra8c8
27.Nf7e5 Bd7f5
28.Re7a7 Rc8c1
29.Kf2 Bf5c2
30.Ra7c7 Bc2xb3
31.Rc7xc1 Bb3xa2
32.Rc1a1 Ba2b3
33.Ra1xa6 Nf6d5
34.Ra6a5 Bb3a4
35.Ne5d3 g5
36.Nd3e5 Nd5xb4
37.Ra5a7 Kg8
38.Ne5g4 Ba4b3
39.Ng4xh6 Kf8
40.Ra7b7 Nb4d3
41.Ke3 Bb3c4
42.Nh6f5 Nd3e1
43.g3 Ne1c2
44.Ke4 b4
45.Rb7b8 Kf7
46.Nf5d6 { abandon }1-0

[Event "Défi"]
[Site "www.echecsemail.com"]
[Date "2026.01.19"]
[Round "1"]
[White "Rocketman"]
[Black "Lancov"]
[WhiteElo "2000"]
[BlackElo "1910"]
[Result "1-0"]
1.d4 d6
2.e4 Ng8f6
3.Nb1d2 g6
4.h3 Bf8g7
5.Ng1f3 c6
6.c4 Nb8d7
7.Bf1d3 O-O
8.Nd2f1 c5
9.d5 a6
10.Nf1g3 b5
11.cxb5 a5
12.a4 Nd7b6
13.Bc1e3 Bc8b7
14.Ra1c1 Nf6d7
15.Qd1d2 Nb6xa4
16.Rc1c2 Nd7b6
17.Be3h6 Bg7xh6
18.Qd2xh6 f6
19.h4 c4
20.Bd3xc4 Nb6xc4
21.Rc2xc4 Na4xb2
22.Rc4c3 Ra8c8
23.Rc3xc8 Qd8xc8
24.Ng3e2 Qc8c2
25.O-O Qc2xe4
26.Ne2f4 Bb7c8
27.Rf1e1 Qe4b4
28.Re1xe7 Rf8f7
29.Re7e8 { abandon }1-0

[Event "Coupe Niveau 5"]
[Site "www.echecsemail.com"]
[Date "2026.01.19"]
[Round "1"]
[White "Elghribi"]
[Black "Alain64"]
[WhiteElo "1910"]
[BlackElo "2070"]
[Result "0-1"]
1.e4 e6
2.d4 d5
3.e5 c5
4.c3 Nb8c6
5.Bf1b5 Qd8b6
6.Bb5xc6 bxc6
7.Ng1f3 Bc8a6
8.Nb1d2 cxd4
9.cxd4 Ng8e7
10.Qd1b3 Ne7g6
11.Qb3xb6 axb6
12.g3 f6
13.exf6 gxf6
14.Nd2f1 Bf8d6
15.Bc1e3 c5
16.Nf1d2 e5
17.dxe5 fxe5
18.h4 d4
19.Be3h6 O-O-O
20.O-O-O Rh8e8
21.Nd2e4 Ba6b7
22.Rh1e1 Bd6c7
23.Nf3g5 Bb7d5
24.Ne4f6 Bd5xa2
25.Nf6xe8 Rd8xe8
26.Bh6g7 Ba2b3
27.Rd1d2 h5
28.f4 Kb7
29.f5 Ng6f8
30.Ng5e4 Re8a8
31.Kb1 Nf8h7
32.f6 Kc6
33.Re1f1 Bb3f7
34.Kc2 Bf7g6
35.Rf1e1 Kd5
{ abandon }0-1

[Event "Eq:La Diagonale du Fou-Pirates du Mat :"]
[Site "www.echecsemail.com"]
[Date "2026.01.19"]
[Round "1"]
[White "Majula"]
[Black "Tahar"]
[WhiteElo "1630"]
[BlackElo "2020"]
[Result "0-1"]
1.d4 d5
2.c4 e6
3.c5 Ng8f6
4.Ng1f3 Bf8e7
5.Nb1c3 O-O
6.h3 c6
7.Bc1f4 Nb8d7
8.b4 a5
9.a3 axb4
10.axb4 Ra8xa1
11.Qd1xa1 Rf8e8
12.g4 Nd7f8
13.Nf3h4 Qd8d7
14.Bf1g2 Nf6e4
15.Nc3xe4 dxe4
16.g5 Qd7d8
17.f3 Be7xg5
18.Bf4g3 Bg5xh4
19.Bg3xh4 Qd8xh4
20.Kd2 Qh4g5
21.e3 Qg5xg2
22.Kc3 exf3
23.Qa1g1 Qg2xg1
24.Rh1xg1 Nf8g6
25.Kd3 Ng6h4
26.Rg1f1 e5
27.e4 exd4
{ abandon }0-1

[Event "Eq:La Diagonale du Fou-Pirates du Mat :"]
[Site "www.echecsemail.com"]
[Date "2026.01.19"]
[Round "1"]
[White "Tahar"]
[Black "Majula"]
[WhiteElo "2020"]
[BlackElo "1630"]
[Result "1-0"]
1.e4 e6
2.d4 d5
3.e5 a6
4.Ng1f3 h6
5.Bf1e2 b6
6.O-O g5
7.c3 b5
8.Nb1d2 Bf8g7
9.b3 Bc8b7
10.a4 Bb7c6
11.axb5 Bc6b7
12.bxa6 Nb8xa6
13.Bc1b2 Ng8e7
14.b4 c6
15.h3 Ne7g6
16.g3 O-O
17.Nf3h2 f5
18.exf6 Qd8xf6
19.Be2d3 Bb7c8
20.Qd1c2 Kh7
21.Nh2g4 Qf6f7
22.Ra1a5 h5
23.Ng4h2 e5
24.dxe5 Bc8xh3
25.Ra5xa6 Ra8xa6
26.Bd3xa6 Bh3xf1
27.Nd2xf1 Bg7xe5
28.Ba6d3 Kg7
29.Bd3xg6 Qf7xg6
30.Qc2xg6 Kxg6
31.Nf1e3 g4
32.Nh2f1 Rf8f3
33.Nf1d2 d4
34.Nd2xf3 gxf3
35.cxd4 Be5f6
36.Ne3c4 { abandon }1-0

[Event "Tournoi n27060"]
[Site "www.echecsemail.com"]
[Date "2026.01.19"]
[Round "1"]
[White "Chessmat"]
[Black "Samjf"]
[WhiteElo "1299"]
[BlackElo "1340"]
[Result "1-0"]
1.e4 d6
2.d4 Ng8f6
3.Bf1d3 Bc8d7
4.Ng1f3 Nf6g4
5.h3 Ng4f6
6.c3 Bd7c6
7.Nb1d2 Qd8d7
8.O-O g6
9.Rf1e1 Bf8h6
10.Nd2f1 Bh6g7
11.Nf1g3 O-O
12.Bc1d2 Nf6h5
13.Qd1c1 b5
14.Ng3xh5 gxh5
15.Bd2h6 e6
16.Bh6xg7 Kxg7
17.Qc1g5 Kh8
18.Qg5f6 Kg8
19.Nf3g5 Nb8a6
20.e5 d5
21.Bd3xh7 1-0

[Event "Eq:Avalon-LES CHATTERBOX :"]
[Site "www.echecsemail.com"]
[Date "2026.01.20"]
[Round "1"]
[White "Pourquoipas"]
[Black "Pitouwb"]
[WhiteElo "1650"]
[BlackElo "1690"]
[Result "1-0"]
1.f4 d5
2.Ng1f3 Bc8f5
3.e3 Ng8f6
4.b3 Nb8c6
5.Bf1b5 e6
6.Bb5xc6 bxc6
7.O-O Bf8c5
8.Nf3e5 Qd8d6
9.Bc1b2 Nf6e4
10.Ne5d3  { temps }1-0

[Event "Coupe Niveau 3"]
[Site "www.echecsemail.com"]
[Date "2026.01.20"]
[Round "1"]
[White "Elghribi"]
[Black "Domenico"]
[WhiteElo "1920"]
[BlackElo "1750"]
[Result "1-0"]
1.e4 e6
2.d4 Bf8e7
3.Ng1f3 Ng8f6
4.Bf1d3 O-O
5.O-O d6
6.h3 b6
7.Rf1e1 Bc8b7
8.Nb1d2 c5
9.c3 cxd4
10.cxd4 e5
11.d5 Nb8d7
12.b4 Nf6h5
13.Bd3b5 Nd7f6
14.a4 a6
15.Bb5f1 Nh5f4
16.g3 Nf4h5
17.Bf1g2 Ra8c8
18.Bc1b2 b5
19.a5 Rc8c7
20.Qd1b3 Qd8d7
21.Ra1c1 Rc7xc1
22.Re1xc1 Bb7a8
23.Qb3c2 Qd7a7
24.Qc2c7 Qa7xc7
25.Rc1xc7 Rf8e8
26.Nf3e1 Be7f8
27.Ne1c2 h6
28.Nc2e3 Nf6h7
29.Bg2f3 Nh5f6
30.Bf3g2 h5
31.f3 Bf8e7
32.Rc7a7 Nh7f8
33.Ra7xa6 Nf6h7
34.Ra6b6 Be7g5
35.Kf2 h4
36.g4 Bg5f4
37.Rb6xb5 g6
38.Nd2c4 f5
39.gxf5 gxf5
40.Ne3xf5 Nf8g6
41.Nc4xd6 Re8f8
42.Rb5c5 Nh7f6
43.b5 Nf6h5
44.b6 Nh5g7
45.Nf5xg7 Kxg7
46.b7 Bf4g3
47.Ke3 Ba8xb7
48.Nd6xb7 Bg3h2
49.Rc5c7 Kh6
50.Nb7d6 Bh2g1
51.Kd2 Rf8b8
52.Rc7b7 Rb8xb7
53.Nd6xb7 Ng6f4
54.Bg2f1 Nf4g6
55.Bb2a3 Bg1d4
56.Ba3c5 Bd4a1
57.a6 { abandon }1-0

[Event "Eq:La Diagonale du Fou-O fou d hello :"]
[Site "www.echecsemail.com"]
[Date "2026.01.20"]
[Round "1"]
[White "Filosofia"]
[Black "Sanvic76"]
[WhiteElo "2030"]
[BlackElo "1820"]
[Result "0-1"]
1.Ng1f3 d5
2.b3 Bc8g4
3.Bc1b2 c5
4.e3 Nb8c6
5.h3 Bg4h5
6.Bf1e2 Bh5xf3
7.Be2xf3 e5
8.O-O Ng8f6
9.d3 Bf8e7
10.Nb1d2 O-O
11.a4 h6
12.e4 d4
13.Nd2c4 b6
14.g3 Nf6h7
15.Bf3g2 Be7g5
16.f4 exf4
17.gxf4 Bg5h4
18.Bb2c1 Ra8c8
19.Bc1d2 Rc8c7
20.Bd2e1 Rc7d7
21.Kh2 Rf8e8
22.Qd1f3 Nh7f8
23.f5 Nf8h7
24.Qf3g4 Bh4xe1
25.Ra1xe1 Nh7f6
26.Qg4h4 Qd8c7
27.Kh1 Kf8
28.Bg2f3 Nc6e5
29.Nc4xe5 Qc7xe5
30.Rf1g1 Nf6h7
 { temps }0-1

[Event "Memorial Lara CIII"]
[Site "www.echecsemail.com"]
[Date "2026.01.20"]
[Round "1"]
[White "Leredoutable"]
[Black "Karkaskat"]
[WhiteElo "1760"]
[BlackElo "2100"]
[Result "0-1"]
1.e4 c5
2.Ng1f3 d6
3.Bf1c4 Ng8f6
4.O-O Nf6xe4
5.d3 Ne4f6
6.Nb1c3 g6
7.Bc1g5 Bf8g7
8.Qd1d2 O-O
9.Rf1e1 Nb8c6
10.Ra1b1 Bc8g4
11.Nf3h4 Rf8e8
12.f3 Bg4d7
13.Re1e2 Nc6d4
14.Re2f2 a6
15.Rb1e1 Bd7e6
16.Nc3e4 Be6xc4
17.dxc4 Qd8d7
18.Bg5e3 Nf6xe4
19.fxe4 b5
20.b3 bxc4
21.bxc4 Ra8b8
22.c3 Nd4e6
23.Rf2f3 Bg7f6
24.Nh4f5 gxf5
25.Rf3g3 Kh8
26.Be3h6 Re8g8
27.Rg3xg8 Rb8xg8
28.e5 Bf6g7
29.Bh6xg7 Rg8xg7
30.Qd2f4 Ne6xf4
{ abandon }0-1

[Event "Défi( 10J+24H/c 10J Max )"]
[Site "www.echecsemail.com"]
[Date "2026.01.20"]
[Round "1"]
[White "Plaisance"]
[Black "Graal"]
[WhiteElo "1930"]
[BlackElo "1910"]
[Result "1-0"]
1.d4 d5
2.Ng1f3 Ng8f6
3.e3 e6
4.Bf1d3 c5
5.b3 Nb8c6
6.Bc1b2 Bf8d6
7.Nb1d2 O-O
8.O-O Qd8c7
9.dxc5 Bd6xc5
10.Bb2xf6 gxf6
11.c4 Nc6b4
12.Bd3b1 dxc4
13.Nd2xc4 b5
14.Nc4d2 Bc8b7
15.a3 Nb4d5
16.Qd1c2 f5
17.e4 fxe4
18.Nd2xe4 Bc5b6
19.Qc2b2 f5
20.Ne4g5 Ra8e8
21.Bb1d3 Qc7c3
22.Qb2xc3 Nd5xc3
23.Nf3e5 Re8e7
24.Ra1c1 Nc3d5
25.Bd3xb5 Kg7
26.Ne5d7 Rf8g8
27.Nd7xb6 axb6
28.Rf1e1 Kf6
29.Ng5h3 Re7g7
30.g3 f4
31.Bb5c6 Bb7xc6
32.Rc1xc6  { temps }1-0

[Event "Eq:Vikings-La Diagonale du Fou :"]
[Site "www.echecsemail.com"]
[Date "2026.01.20"]
[Round "1"]
[White "Darkknight99"]
[Black "Viv59"]
[WhiteElo "1980"]
[BlackElo "2300"]
[Result "0-1"]
1.e4 d6
2.d4 Ng8f6
3.Bf1d3 e5
4.d5 c6
5.c4 Bf8e7
6.Ng1f3 Nb8a6
7.O-O Na6c5
8.Rf1e1 Nc5xd3
9.Qd1xd3 O-O
10.Nb1c3 a5
11.Bc1g5 Nf6e8
12.Bg5xe7 Qd8xe7
13.Ra1c1 f5
14.Qd3d2 h6
 { temps }0-1

[Event "Coupe Niveau 5"]
[Site "www.echecsemail.com"]
[Date "2026.01.20"]
[Round "1"]
[White "Guig47"]
[Black "Jerem51"]
[WhiteElo "2210"]
[BlackElo "2310"]
[Result "0-1"]
1.e4 e6
2.d4 d5
3.e5 c5
4.c3 Nb8c6
5.Ng1f3 Qd8b6
6.Bf1e2 Ng8h6
7.Bc1xh6 Qb6xb2
8.Bh6e3 cxd4
9.Be3xd4 Qb2xa1
10.Qd1c2 Bf8a3
11.O-O Qa1b2
12.Qc2xb2 Ba3xb2
13.Be2b5 Bc8d7
14.Bb5xc6 Bd7xc6
15.Rf1d1 b6
16.Nf3e1 Bc6a4
17.Rd1d2 Bb2c1
18.Rd2e2 Ba4d1
{ abandon }0-1

[Event "Transval"]
[Site "www.echecsemail.com"]
[Date "2026.01.20"]
[Round "1"]
[White "Cramsnellac"]
[Black "Tartu"]
[WhiteElo "1700"]
[BlackElo "1700"]
[Result "0-1"]
1.Ng1f3 d5
2.d4 Ng8f6
3.e3 c6
4.Bf1d3 Bc8g4
5.Nb1d2 Nb8d7
6.h3 Bg4h5
7.g4 Bh5g6
8.Bd3xg6 hxg6
9.b3 e6
10.Bc1b2 Bf8d6
11.g5 Nf6e4
12.h4 Qd8e7
13.Qd1e2 Ne4xd2
14.Qe2xd2 Bd6a3
 { temps }0-1

[Event "Défi"]
[Site "www.echecsemail.com"]
[Date "2026.01.20"]
[Round "1"]
[White "Bibisept"]
[Black "Prize640"]
[WhiteElo "1980"]
[BlackElo "2210"]
[Result "1-0"]
1.d4 f5
2.Ng1f3 Ng8f6
3.c4 g6
4.Nb1c3 Bf8g7
5.Bc1f4 O-O
6.e3 d6
7.Qd1b3 Kh8
8.O-O-O Qd8e8
9.Bf1d3 c6
10.h3 Nb8a6
11.Rh1e1 h6
12.h4 Nf6h5
13.Bf4h2 e5
14.Nf3d2 exd4
15.exd4 Qe8d8
16.Nd2f3 Na6c7
17.Nc3e2 Kh7
18.Qb3b4 Nc7e8
19.Ne2f4 Nh5xf4
20.Bh2xf4 a5
21.Qb4a3 a4
22.b4 Bc8d7
23.Re1e2  { temps }1-0

[Event "Défi( 10J+24H/c 10J Max )"]
[Site "www.echecsemail.com"]
[Date "2026.01.20"]
[Round "1"]
[White "Graal"]
[Black "Walnux"]
[WhiteElo "1880"]
[BlackElo "1890"]
[Result "1-0"]
1.e4 c6
2.d4 d5
3.Nb1c3 dxe4
4.Nc3xe4 g6
5.Bf1c4 Bf8g7
6.c3 Bc8f5
7.Ne4g3 Bf5d7
8.Qd1b3 Bd7e6
9.Bc4xe6 fxe6
10.Qb3xb7 Nb8d7
11.Qb7xc6 e5
12.d5 Ng8f6
13.Ng1f3 O-O
14.Qc6e6 Kh8
15.Nf3g5 Qd8e8
16.Bc1e3 h6
17.Ng5f3  { temps }1-0

[Event "Défi"]
[Site "www.echecsemail.com"]
[Date "2026.01.20"]
[Round "1"]
[White "Asvel69"]
[Black "Dameroi"]
[WhiteElo "1750"]
[BlackElo "1820"]
[Result "0-1"]
1.e4 e5
2.Ng1f3 Nb8c6
3.c3 d6
4.Bf1e2 Bc8e6
5.d3 Ng8f6
6.h3 Bf8e7
7.Nb1d2 O-O
8.Nd2c4 Rf8e8
9.O-O b5
10.Nc4e3 a6
11.a3 Be7f8
12.Bc1d2 Nc6e7
13.c4 c6
14.cxb5 cxb5
15.Ra1c1 Ra8c8
16.Ne3f5 Ne7xf5
17.exf5 Be6xf5
18.Nf3h2 Rc8xc1
19.Qd1xc1 Qd8c8
20.Nh2f3 Qc8xc1
21.Rf1xc1 Re8c8
22.Rc1xc8 Bf5xc8
23.Be2d1 Bc8e6
24.Bd2c3 Nf6d5
25.Bd1c2 Nd5xc3
26.bxc3 f6
27.Nf3d2 f5
28.Nd2f3 Bf8e7
29.h4 h6
30.g3 Be6d5
31.Nf3d2 g6
32.Bc2b3 Bd5xb3
33.Nd2xb3 Be7d8
34.Kg2 Bd8b6
35.f3 Kf7
36.d4 Ke6
37.dxe5 dxe5
38.Kf1 Kd5
39.Ke2 Kc4
40.Nb3c1 Kxc3
41.Nc1d3 Bb6d4
42.Nd3b4 a5
43.Nb4c6 b4
44.axb4 axb4
45.Kd1 Bd4e3
46.Nc6xe5 b3
 { temps }0-1

[Event "Eq:Avalon-LES CHATTERBOX :"]
[Site "www.echecsemail.com"]
[Date "2026.01.20"]
[Round "1"]
[White "Pitouwb"]
[Black "Pourquoipas"]
[WhiteElo "1690"]
[BlackElo "1650"]
[Result "0-1"]
1.d4 f5
2.c4 Ng8f6
3.Nb1c3 e6
4.Ng1f3 b6
5.d5 Bf8d6
6.Bc1g5 O-O
7.e4 Qd8e8
8.e5 Bd6b4
9.Qd1b3 Bb4c5
 { temps }0-1

[Event "Eq:fouschess-Les Rois du Succes :"]
[Site "www.echecsemail.com"]
[Date "2026.01.20"]
[Round "1"]
[White "Roschecx"]
[Black "Picasso"]
[WhiteElo "1630"]
[BlackElo "2100"]
[Result "0-1"]
1.e4 c6
2.Ng1f3 d5
3.exd5 cxd5
4.h3 e6
5.d4 Ng8f6
6.c3 a6
7.Bf1d3 Nb8c6
8.O-O Bf8d6
9.Bd3c2 h6
10.Bc1e3 Qd8c7
11.Nb1d2 b5
12.b4 Bc8b7
13.a4 Ke7
14.a5 Ra8g8
15.Qd1b1 g5
16.g4 h5
17.gxh5 Rh8xh5
18.Kg2 g4
19.hxg4 Rg8xg4
0-1

[Event "Tournoi n27398"]
[Site "www.echecsemail.com"]
[Date "2026.01.20"]
[Round "1"]
[White "Mokanne"]
[Black "Tiounet"]
[WhiteElo "1420"]
[BlackElo "1650"]
[Result "1-0"]
1.e4 a6
2.d4 b5
3.b3 Bc8b7
4.Nb1d2 Ng8f6
5.d5 g6
6.Bc1b2 Bf8g7
7.Bf1d3 O-O
8.c4 bxc4
9.Nd2xc4 d6
10.Ra1b1 c6
11.dxc6 Nb8xc6
12.h3 Nc6a5
13.Qd1e2 Na5xc4
14.bxc4 Ra8b8
15.f3 Nf6d7
16.Bb2xg7 Kxg7
17.Qe2e3 Nd7c5
18.Ng1e2 Nc5xd3
19.Qe3xd3 Qd8a5
20.Kf2 Qa5xa2
21.Rb1a1 Qa2b2
22.Qd3c3 Qb2xc3
23.Ne2xc3 Rf8c8
24.Ra1a4 Rc8c6
25.Rh1d1 Bb7c8
26.h4 Bc8e6
27.Nc3d5 Rb8b7
28.Nd5e3 Rb7a7
29.Rd1c1 h5
30.Ke2 a5
31.Kd3 Rc6c5
32.g3 f6
33.g4 hxg4
34.Rc1g1 gxf3
35.Rg1f1 f5
36.Rf1xf3 fxe4
37.Kxe4 Rc5e5
38.Kd3 Be6d7
39.Ra4a3 Bd7c6
40.Rf3g3 Re5e4
41.h5 Re4h4
42.Ne3f5 Kf6
43.Nf5xh4 gxh5
44.Kd4 a4
45.Rg3g6 Kf7
46.Kc3 Ra7d7
47.Rg6g5 e5
48.Rg5xh5 e4
49.Rh5h7 Ke6
50.Rh7xd7 Bc6xd7
51.Kd4 Bd7c6
52.Nh4g6 Kf5
53.Ng6e7 { abandon }1-0

[Event "Défi"]
[Site "www.echecsemail.com"]
[Date "2026.01.20"]
[Round "1"]
[White "Vvvv"]
[Black "Roger72"]
[WhiteElo "1780"]
[BlackElo "1290"]
[Result "0-1"]
1.e4 e5
2.Ng1f3 Nb8c6
3.Bf1c4 Bf8c5
4.b4 Nc6xb4
5.Nf3xe5 Ng8h6
6.d4 Bc5b6
7.Bc1xh6 O-O
8.Ne5xf7 Rf8xf7
9.Bc4xf7 Kxf7
10.Qd1h5 g6
11.Qh5f3 Kg8
12.Qf3b3 d5
13.Qb3xb4 dxe4
14.Qb4c4 Kh8
15.Qc4f7 Bb6xd4
16.c3 Bd4e5
17.a4 Bc8d7
18.Ra1a2 Qd8c8
19.Qf7b3 c5
20.Qb3d5 Be5f6
21.O-O Bd7e6
22.Qd5xe4 Be6xa2
23.g4 Ba2xb1
24.Qe4xb1 Qc8xg4
25.Kh1 Bf6e5
26.f4 Be5xc3
27.Qb1xb7 Ra8e8
28.Qb7xa7 Qg4e2
29.Rf1c1 Qe2f3
30.Kg1 Bc3d4
0-1

[Event "Eq:Vikings-La Diagonale du Fou :"]
[Site "www.echecsemail.com"]
[Date "2026.01.20"]
[Round "1"]
[White "Bibisept"]
[Black "Foxie519"]
[WhiteElo "1970"]
[BlackElo "1710"]
[Result "1-0"]
1.d4 d5
2.c4 e6
3.Nb1c3 c6
4.e4 Ng8e7
5.Bc1g5 h6
6.Bg5h4 Qd8d7
7.c5 Ne7g6
8.Bh4g3 Bf8e7
9.Ng1f3 O-O
10.e5 Qd7e8
11.Nf3d2 f5
12.f4 Nb8d7
13.h4 Ng6h8
14.h5 b6
15.b4 b5
16.Bf1e2 Rf8f7
17.Be2f3 Nd7f8
18.Qd1e2 Nf8h7
19.Qe2f2 Qe8d8
20.O-O-O a5
21.a3 axb4
22.axb4 Qd8c7
23.Kb2 Be7f8
24.Rd1a1 Bc8a6
25.Bg3h4 Qc7b8
26.g4 fxg4
27.Bf3xg4 Ba6c8
28.Nd2b3 Rf7a7
29.Nb3a5 Qb8c7
30.Ra1a3 Nh8f7
31.Rh1a1 Bc8d7
32.Qf2g3 Nf7d8
33.Bh4xd8 Qc7xd8
34.Na5xc6 Bd7xc6
35.Ra3xa7 Ra8xa7
36.Bg4xe6 Kh8
37.Ra1xa7 Qd8b8
38.Ra7a6 Bc6e8
39.Qg3g4 Bf8e7
40.Nc3xd5 Be7d8
41.Ra6d6 Nh7f8
42.Be6f5 Bd8c7
43.Nd5xc7 Qb8xc7
44.Bf5d3 Be8d7
45.f5 Bd7c8
46.Bd3xb5 Qc7b7
47.Rd6b6 Qb7h1
48.Rb6b8 Qh1h2
49.Bb5e2 Bc8xf5
50.Rb8xf8 Kh7
51.Qg4xf5 { abandon }1-0

[Event "Défi( 10J+24H/c 10J Max )"]
[Site "www.echecsemail.com"]
[Date "2026.01.20"]
[Round "1"]
[White "Rons"]
[Black "Bertelsen"]
[WhiteElo "2580"]
[BlackElo "1730"]
[Result "1-0"]
1.e4 c5
2.Ng1f3 Nb8c6
3.Bf1b5 Qd8b6
4.Nb1c3 e6
5.Bb5xc6 Qb6xc6
6.O-O d6
7.d4 cxd4
8.Nf3xd4 Qc6d7
9.Qd1d3 Bf8e7
10.Rf1d1 a6
11.Qd3g3 g6
12.Bc1g5 f6
13.Bg5e3 Kf7
14.f4 f5
15.Nd4f3 h5
16.exf5 exf5
17.Nf3e5 dxe5
18.Rd1xd7 Bc8xd7
19.fxe5 Bd7e6
20.Qg3f3 Be6c8
21.Qf3d5 Ke8
22.Ra1d1 { abandon }1-0

[Event "Tournoi n27364"]
[Site "www.echecsemail.com"]
[Date "2026.01.20"]
[Round "1"]
[White "Desaintfegor"]
[Black "Nicadria22"]
[WhiteElo "1820"]
[BlackElo "1920"]
[Result "1-0"]
1.d4 Ng8f6
2.c4 e6
3.Nb1c3 b6
4.Ng1f3 Bc8b7
5.e3 d5
6.b3 Bf8b4
7.Bc1d2 Nb8d7
8.a3 Bb4xc3
9.Bd2xc3 O-O
10.Bf1d3 c5
11.O-O dxc4
12.Bd3xc4 Nf6e4
13.Bc3b2 a6
14.Nf3d2 b5
15.Bc4e2 Nd7f6
16.f3 Ne4xd2
17.Qd1xd2 Ra8c8
18.Ra1d1 Qd8b6
19.Bb2c3 Rf8d8
20.Bc3a5 Qb6d6
21.Ba5xd8 Rc8xd8
22.Qd2a5 c4
23.bxc4 bxc4
24.Be2xc4 Rd8c8
25.Rd1c1 h6
26.Rf1d1 Rc8c6
27.a4 Rc6b6
28.Rc1b1 Rb6xb1
29.Rd1xb1 Qd6c6
30.Qa5b4 Bb7a8
31.Bc4d3 g6
32.Qb4b8 Kg7
33.Qb8d8 Ba8b7
34.Qd8b6 Nf6d5
35.Qb6xb7 { abandon }1-0